<?xml version="1.0" encoding="UTF-8"?>
<collection xmlns="http://www.loc.gov/MARC21/slim">
  <record>
    <leader>00000nam  2200000   4500</leader>
    <controlfield tag="001">INLIS000000000016696</controlfield>
    <controlfield tag="005">20240110025553</controlfield>
    <datafield tag="035" ind1="#" ind2="#">
      <subfield code="a">0010-0124000013</subfield>
    </datafield>
    <controlfield tag="007">ta</controlfield>
    <controlfield tag="008">240110################|##########|#|##</controlfield>
    <datafield tag="084" ind1="#" ind2="#">
      <subfield code="a">R 22 PIM III 2022</subfield>
    </datafield>
    <datafield tag="100" ind1=" " ind2="#">
      <subfield code="a">Eko Prasetyo Nugroho</subfield>
    </datafield>
    <datafield tag="245" ind1="1" ind2="#">
      <subfield code="a">Peningkatan Dukungan Teknis dan Administratif Kegiatan Perseorangan Anggota DPD RI Dalam Rangka Penyerapan Aspirasi Masyarakat dan Daerah Melalui Pembangunan Sistem Informasi “Sapa Daerah” /</subfield>
      <subfield code="c">Eko Prasetyo Nugroho</subfield>
    </datafield>
    <datafield tag="250" ind1="#" ind2="#">
      <subfield code="a">1</subfield>
    </datafield>
    <datafield tag="260" ind1="#" ind2="#">
      <subfield code="a">Jakarta :</subfield>
      <subfield code="b">Pusbangkom Pimnas dan Manajerial ASN,</subfield>
      <subfield code="c">2022</subfield>
    </datafield>
    <datafield tag="300" ind1="#" ind2="#">
      <subfield code="a">100 halaman ;</subfield>
      <subfield code="c">30 cm</subfield>
    </datafield>
    <datafield tag="650" ind1="#" ind2="4">
      <subfield code="a">Pembangunan Sistem Informasi</subfield>
    </datafield>
    <datafield tag="520" ind1="#" ind2="#">
      <subfield code="a">Tujuan yang ingin dicapai adalah terwujudnya mekanisme pelayanan yang terukur, efektif dan sistematis dalam hal administrasi kegiatan eprseorangan anggota DPD RI ke Daerah Pemilihan Dalam Rangka Penyerapan Aspirasi Masyarakat dan Daerah. Tujuan jangka pendek adalah menyusun dan melakukan sosialisasi regulasi sekretariat jenderal (surat edaran sekretaris jenderal) dan pembangunan sistem informasi kegiatan perseorangan anggota DPD RI ke daerah pemilihan masing-masing dalam rangka penyerapan aspirasi masyarkat dan daerah (SAPA DAERAH) yang diimplementasikan dalam waktu 2 bulan. Tujuan jangka menengah mengimplementasi SAPA DAERAH kepada stakeholder internal yang berkaitan (staf kesetjenan dan staf anggota DPD RI baik di ibukota negara maupun di daerah). Tujuan jangka panjang, mewujudkan layanan kegiatan perseorangan anggota DPD RI dalam rangka penyerapan aspirasi masyarakat dan daerah berbasis sistem informasi SAPA DAERAH yang efektif dan efisien</subfield>
    </datafield>
    <datafield tag="856" ind1="#" ind2="#">
      <subfield code="a">Perpustakaan LAN Pusat</subfield>
    </datafield>
    <datafield tag="990" ind1="#" ind2="#">
      <subfield code="a">22</subfield>
    </datafield>
  </record>
</collection>
